000 00331nam a22001457a 4500
003 SGT
020 _a978-0-19-969676-5
082 _a616.89, N12G
100 _aGELDER, MICHAEL G.
245 _aNEW OXFORD TB. OF PSYCHIATRY
260 _aNEW YORK
_bOXFORD
_c2012
300 _a2014
650 _aPSYCHIATRY
942 _2ddc
_cBK
_09
999 _c8411
_d8411